Statistiques concernant Trophées UNFP : Meilleur Entraineur de Ligue 1

Cliquez ici pour prendre le quiz!

Statistiques générales

  • Ce quiz a été pris 123 fois
  • Le résultat moyen est 15 sur 31

Statistiques - réponses

HintRéponse% Correct
2016Laurent Blanc
96%
2008Laurent Blanc
96%
2015Laurent Blanc
96%
2021Christophe Galtier
95%
2019Christophe Galtier
95%
2018Unai Emery
79%
2023Franck Haise
78%
2013Carlo Ancelotti
77%
2004Didier Deschamps
75%
2011Rudi Garcia
71%
2017Leonardo Jardim
67%
2012René Girard
55%
2014René Girard
55%
2022Bruno Génésio
50%
2000Claude Puel
48%
2006Claude Puel
48%
1996Guy Roux
48%
1994Luis Fernandez
38%
2010Jean Fernandez
37%
2007Gérard Houllier
32%
2005Paul Le Guen
32%
1987Aimé Jacquet
31%
2003Guy Lacombe
25%
1999Élie Baup
24%
1988Arsène Wenger
21%
2009Eric Gerets
19%
1997Jean Tigana
18%
2001Raynald Denoueix
16%
1998Daniel Leclercq
9%
2002Joël Muller
7%
1995Francis Smerecki
1%

Distribution des résultats

Percentile par nombre de réponses

% des personnes avec chaque résultat

Votre développement - résultats

Vous n’avez pas pris ce quiz